[Event "DVM U20 2018"]
[Site "Osnabrück GER"]
[Date "2018.12.30"]
[Round "7"]
[White "Beeck, Mats"]
[Black "Balazs, Balint"]
[Result "1-0"]
[Termination "normal"]
[Board "3.2"]
[WhiteElo "2126"]
[BlackElo "2105"]
[WhiteClock "00:51:00"]
[BlackClock "00:22:40"]
[WhiteTeam "SK Doppelbauer Kiel"]
[BlackTeam "Hagener SV"]
[PlyCount "83"]
[WhiteFideId "12936944"]
[BlackFideId "12922757"]
[EventCountry "GER"]
[EventRounds "7"]
[EventType "team-swiss"]
[EventDate "2018.12.26"]

1. e4 g6 2. d4 Bg7 3. c4 c5 4. d5 d6 5. Nc3 Nf6 6. Nf3 O-O 7. Be2 b5 8. cxb5 a6
9. bxa6 Bxa6 10. O-O Nbd7 11. Bxa6 Rxa6 12. Qe2 Rb6 13. Nd2 Qa8 14. Nc4 Rbb8
15. Bd2 Nb6 16. Nxb6 Rxb6 17. b3 e6 18. dxe6 fxe6 19. Rac1 Rb4 20. e5 Ne4 21.
exd6 Nxd2 22. Qxd2 Rg4 23. f3 Rh4 24. Qe2 Bd4+ 25. Kh1 e5 26. Ne4 Qc8 27. g3
Rh5 28. b4 Qc6 29. bxc5 Rhf5 30. Kg2 g5 31. g4 Rf4 32. h3 h6 33. Rb1 Qd5 34.
Qc2 Kh8 35. c6 h5 36. c7 Qe6 37. Rb8 hxg4 38. Rxf8+ Rxf8 39. hxg4 Ra8 40. a4
Kg7 41. Rh1 Be3 42. d7 1-0

[Event "DVM U20 2018"]
[Site "Osnabrück GER"]
[Date "2018.12.30"]
[Round "7"]
[White "Wanner, Lukas"]
[Black "Hoppe, Andreas"]
[Result "1-0"]
[Termination "normal"]
[Board "3.4"]
[WhiteElo "2037"]
[BlackElo "1979"]
[WhiteClock "00:11:17"]
[BlackClock "00:04:18"]
[WhiteTeam "SK Doppelbauer Kiel"]
[BlackTeam "Hagener SV"]
[PlyCount "77"]
[WhiteFideId "12918148"]
[BlackFideId "12922811"]
[EventCountry "GER"]
[EventRounds "7"]
[EventType "team-swiss"]
[EventDate "2018.12.26"]

1. c4 e5 2. g3 d6 3. Bg2 Nc6 4. Nc3 Bf5 5. e4 Be6 6. d3 Be7 7. Nge2 Qd7 8. Nd5
f5 9. Be3 Nf6 10. f3 h6 11. Qd2 O-O 12. O-O Nd8 13. Rae1 c6 14. Nxe7+ Qxe7 15.
exf5 Bxf5 16. Nc3 Qd7 17. d4 Nf7 18. d5 cxd5 19. Nxd5 Nxd5 20. cxd5 b6 21. Rc1
Rac8 22. Rxc8 Rxc8 23. Rc1 Bh3 24. Rxc8+ Qxc8 25. Bxh3 Qxh3 26. Qc2 Qd7 27. a4
Ng5 28. Bxg5 hxg5 29. Qc6 Qe7 30. Kg2 e4 31. Qc8+ Kf7 32. Qf5+ Qf6 33. Qxf6+
gxf6 34. fxe4 Kg6 35. Kf3 f5 36. exf5+ Kxf5 37. h4 g4+ 38. Ke3 Ke5 39. h5 1-0

[Event "DVM U20 2018"]
[Site "Osnabrück GER"]
[Date "2018.12.30"]
[Round "7"]
[White "Laubrock, Paul"]
[Black "Rieper, Julian"]
[Result "0-1"]
[Termination "normal"]
[Board "3.5"]
[WhiteElo "1968"]
[BlackElo "2058"]
[WhiteClock "00:21:19"]
[BlackClock "00:12:12"]
[WhiteTeam "Hagener SV"]
[BlackTeam "SK Doppelbauer Kiel"]
[PlyCount "164"]
[WhiteFideId "1270509"]
[BlackFideId "12936960"]
[EventCountry "GER"]
[EventRounds "7"]
[EventType "team-swiss"]
[EventDate "2018.12.26"]

1. e4 e5 2. Bc4 Nc6 3. Nc3 Nf6 4. d3 Bc5 5. f4 d6 6. Nf3 Bg4 7. Na4 Bb6 8. Nxb6
axb6 9. a3 O-O 10. h3 Bxf3 11. Qxf3 d5 12. exd5 Nd4 13. Qf2 Nxd5 14. fxe5 Nb4
15. O-O Nbxc2 16. Rb1 Ra5 17. Bxf7+ Kh8 18. e6 Re5 19. Kh1 Re2 20. Qg3 Nxe6 21.
Bd2 Rxd2 22. Bxe6 Nd4 23. Qg5 Re2 24. Bg4 Ree8 25. Qxd8 Rxd8 26. Rxf8+ Rxf8 27.
Re1 g6 28. Re4 c5 29. Kg1 b5 30. b4 b6 31. bxc5 bxc5 32. Re5 Ra8 33. Rxc5 Rxa3
34. Rd5 Rxd3 35. Kf2 b4 36. Bc8 b3 37. Ba6 Rd1 38. Rd8+ Kg7 39. Rb8 Rb1 40. Bc4
Rb2+ 41. Ke3 Nf5+ 42. Kd3 Rxg2 43. Rxb3 Kf6 44. Ke4 Kg5 45. Bf1 Rg3 46. Rf3 Rg1
47. Ba6 h5 48. Ra3 Kh4 49. Kf4 Ng3 50. Bc8 Rf1+ 51. Rf3 g5+ 52. Ke3 Re1+ 53.
Kf2 Re2+ 54. Kg1 Rc2 55. Bd7 Rd2 56. Bc8 Ne2+ 57. Kf1 Nf4 58. Ra3 Rh2 59. Ra4
Rc2 60. Bd7 Rd2 61. Bc8 Kg3 62. Ke1 Rd8 63. Bf5 Ng2+ 64. Ke2 Re8+ 65. Kd2 Re5
66. Bc8 Kf2 67. Bb7 Re2+ 68. Kd1 Nf4 69. Bc8 Re3 70. Ra5 Rd3+ 71. Kc2 Rg3 72.
Kd1 h4 73. Ra2+ Kf1 74. Ra5 Nxh3 75. Bxh3+ Rxh3 76. Rxg5 Rd3+ 77. Kc2 Rf3 78.
Kd2 h3 79. Rh5 Kg2 80. Ke2 Rg3 81. Rf5 h2 82. Rf2+ Kh3 0-1

[Event "DVM U20 2018"]
[Site "Osnabrück GER"]
[Date "2018.12.30"]
[Round "7"]
[White "Karlisch, Moritz"]
[Black "Glaser, Maximilian"]
[Result "1-0"]
[Termination "normal"]
[Board "3.6"]
[WhiteElo "1864"]
[BlackElo "1794"]
[WhiteClock "00:07:35"]
[BlackClock "00:06:36"]
[WhiteTeam "SK Doppelbauer Kiel"]
[BlackTeam "Hagener SV"]
[PlyCount "79"]
[WhiteFideId "12964859"]
[BlackFideId "12956961"]
[EventCountry "GER"]
[EventRounds "7"]
[EventType "team-swiss"]
[EventDate "2018.12.26"]

1. d4 d5 2. c4 e6 3. Nc3 f5 4. Nf3 c6 5. Bf4 Nf6 6. cxd5 exd5 7. e3 Bd6 8. Bxd6
Qxd6 9. g3 O-O 10. Bg2 Ne4 11. Qc2 Be6 12. O-O Nd7 13. Rab1 a5 14. Rfc1 Ra7 15.
Na4 Kh8 16. Nc5 Ndxc5 17. dxc5 Qc7 18. Nd4 Bd7 19. b3 h6 20. a3 g6 21. b4 axb4
22. axb4 Rfa8 23. f3 Ng5 24. Qc3 Kh7 25. Nb3 Be8 26. Re1 b6 27. e4 dxe4 28.
fxe4 fxe4 29. Bxe4 Bf7 30. Bg2 Ra2 31. Rb2 Rxb2 32. Qxb2 bxc5 33. Nxc5 Ra2 34.
Qf6 Qc8 35. Re7 Kg8 36. Rxf7 Nxf7 37. Ne6 Ra1+ 38. Bf1 Rxf1+ 39. Kxf1 Qa6+ 40.
Ke1 1-0

[Event "DVM U20 2018"]
[Site "Osnabrück GER"]
[Date "2018.12.30"]
[Round "7"]
[White "Flüchter, Gregor"]
[Black "Kasüschke, Lars"]
[Result "1-0"]
[Termination "normal"]
[Board "4.1"]
[WhiteElo "2157"]
[BlackElo "1987"]
[WhiteClock "00:19:17"]
[BlackClock "00:27:20"]
[WhiteTeam "SF Brackel"]
[BlackTeam "SG Schwäbisch Gmünd"]
[PlyCount "53"]
[WhiteFideId "12903396"]
[BlackFideId "12939510"]
[EventCountry "GER"]
[EventRounds "7"]
[EventType "team-swiss"]
[EventDate "2018.12.26"]

1. e4 c5 2. f4 d5 3. exd5 Qxd5 4. Nc3 Qd8 5. Nf3 Nc6 6. Bb5 Bd7 7. O-O e6 8.
Bxc6 Bxc6 9. Ne5 Qc7 10. Qe2 Bd6 11. Nxc6 Qxc6 12. f5 e5 13. d3 O-O-O 14. Qf3
Ne7 15. Be3 f6 16. Qf2 b6 17. a4 Nd5 18. Nxd5 Qxd5 19. a5 Bc7 20. axb6 axb6 21.
b4 Bd6 22. bxc5 Bxc5 23. Bxc5 bxc5 24. Ra5 Kd7 25. Ra7+ Kd6 26. Rfa1 Rc8 27.
Rxg7 1-0

[Event "DVM U20 2018"]
[Site "Osnabrück GER"]
[Date "2018.12.30"]
[Round "7"]
[White "Baars, Mario"]
[Black "Korten, Lando"]
[Result "0-1"]
[Termination "normal"]
[Board "4.2"]
[WhiteElo "1840"]
[BlackElo "2100"]
[WhiteClock "00:15:53"]
[BlackClock "00:26:38"]
[WhiteTeam "SG Schwäbisch Gmünd"]
[BlackTeam "SF Brackel"]
[PlyCount "74"]
[WhiteFideId "16200160"]
[BlackFideId "12989606"]
[EventCountry "GER"]
[EventRounds "7"]
[EventType "team-swiss"]
[EventDate "2018.12.26"]

1. d4 Nf6 2. c4 g6 3. Nc3 Bg7 4. e4 d6 5. Nf3 O-O 6. Be2 e5 7. d5 Nbd7 8. Bg5
h6 9. Bh4 g5 10. Bg3 Nc5 11. Nd2 Nfxe4 12. Ncxe4 Nxe4 13. Nxe4 f5 14. f3 fxe4
15. fxe4 Rf4 16. Qc2 Qe7 17. O-O-O Bd7 18. Rdf1 Raf8 19. Be1 Rxf1 20. Rxf1 Rxf1
21. Bxf1 Qf6 22. Qf2 Qf4+ 23. Qxf4 exf4 24. Bf2 b6 25. b3 Kf7 26. Kd2 Be5 27.
Kd3 a5 28. Bd4 Kf6 29. a3 g4 30. b4 axb4 31. axb4 h5 32. Bf2 Kg6 33. Bh4 Bf6
34. Bxf6 Kxf6 35. Kd4 h4 36. g3 fxg3 37. hxg3 h3 0-1

[Event "DVM U20 2018"]
[Site "Osnabrück GER"]
[Date "2018.12.30"]
[Round "7"]
[White "Stemmler, Fabian"]
[Black "Reindl, Knut"]
[Result "1/2-1/2"]
[Termination "normal"]
[Board "4.3"]
[WhiteElo "1972"]
[BlackElo "1857"]
[WhiteClock "00:02:44"]
[BlackClock "00:21:42"]
[WhiteTeam "SF Brackel"]
[BlackTeam "SG Schwäbisch Gmünd"]
[PlyCount "72"]
[WhiteFideId "12964808"]
[BlackFideId "12946753"]
[EventCountry "GER"]
[EventRounds "7"]
[EventType "team-swiss"]
[EventDate "2018.12.26"]

1. d4 Nf6 2. c4 e6 3. Nf3 b6 4. g3 Bb7 5. Bg2 c5 6. d5 exd5 7. Nh4 d6 8. Nc3
Be7 9. O-O O-O 10. cxd5 Re8 11. e4 Nbd7 12. Nf5 Bf8 13. Re1 a6 14. a4 Rb8 15.
f4 g6 16. Nh4 Qc7 17. Nf3 Ba8 18. e5 dxe5 19. fxe5 Nh5 20. g4 Ng7 21. Bf4 f6
22. d6 Qd8 23. Qb3+ Kh8 24. e6 Ne5 25. Bxe5 fxe5 26. Nxe5 Qf6 27. Nf7+ Kg8 28.
Nh6+ Kh8 29. e7 Qd4+ 30. Kh1 Bxg2+ 31. Kxg2 Qd2+ 32. Re2 Qxh6 33. Qf7 Qh4 34.
h3 Qg5 35. Rae1 Nf5 36. exf8=Q+ Rxf8 1/2-1/2

[Event "DVM U20 2018"]
[Site "Osnabrück GER"]
[Date "2018.12.30"]
[Round "7"]
[White "Lang, Thomas"]
[Black "Gerlach, Felix"]
[Result "0-1"]
[Termination "normal"]
[Board "4.4"]
[WhiteElo "1757"]
[BlackElo "2050"]
[WhiteClock "00:38:16"]
[BlackClock "00:42:28"]
[WhiteTeam "SG Schwäbisch Gmünd"]
[BlackTeam "SF Brackel"]
[PlyCount "82"]
[WhiteFideId "12982520"]
[BlackFideId "12957690"]
[EventCountry "GER"]
[EventRounds "7"]
[EventType "team-swiss"]
[EventDate "2018.12.26"]

1. e4 e5 2. Nf3 Nc6 3. Bc4 Bc5 4. c3 Nf6 5. d3 O-O 6. O-O h6 7. Re1 d6 8. d4
Bb6 9. h3 Re8 10. dxe5 Nxe5 11. Nxe5 Rxe5 12. Nd2 Qe8 13. Bd3 Re7 14. Qc2 d5
15. c4 c6 16. c5 Ba5 17. f3 Bf5 18. Rf1 dxe4 19. fxe4 Bxe4 20. Nc4 Bb4 21. Be3
Bxd3 22. Qxd3 Rxe3 23. Nxe3 Bxc5 24. Rxf6 Qxe3+ 25. Qxe3 Bxe3+ 26. Rf2 Rd8 27.
Re1 Bxf2+ 28. Kxf2 Rd2+ 29. Re2 Rxe2+ 30. Kxe2 f5 31. Ke3 Kf7 32. Kd4 Ke6 33.
g3 g5 34. h4 f4 35. hxg5 fxg3 36. gxh6 g2 37. h7 g1=Q+ 38. Kc4 Qg7 39. h8=Q
Qxh8 40. b4 b5+ 41. Kb3 Qh3+ 0-1

[Event "DVM U20 2018"]
[Site "Osnabrück GER"]
[Date "2018.12.30"]
[Round "7"]
[White "Wastian, Jan"]
[Black "Waibel, Christian"]
[Result "1/2-1/2"]
[Termination "normal"]
[Board "4.5"]
[WhiteElo "1924"]
[BlackElo "1654"]
[WhiteClock "00:23:04"]
[BlackClock "00:20:33"]
[WhiteTeam "SF Brackel"]
[BlackTeam "SG Schwäbisch Gmünd"]
[PlyCount "53"]
[WhiteFideId "12911640"]
[BlackFideId "16217497"]
[EventCountry "GER"]
[EventRounds "7"]
[EventType "team-swiss"]
[EventDate "2018.12.26"]

1. e4 e5 2. Nf3 Nc6 3. Bb5 a6 4. Ba4 Nf6 5. d3 b5 6. Bb3 Be7 7. O-O O-O 8. a4
Bb7 9. axb5 axb5 10. Rxa8 Qxa8 11. Nbd2 d6 12. Re1 Na5 13. c3 c5 14. Bc2 Bc8
15. Nf1 Be6 16. Ng3 b4 17. Qe2 Qb7 18. Ng5 Bb3 19. Nf5 h6 20. Nf3 Be6 21. N3h4
bxc3 22. bxc3 Kh7 23. Qe3 Ng4 24. Qg3 Bxh4 25. Qxg4 Bxf5 26. Qxf5+ Kh8 27. Qg4
1/2-1/2

[Event "DVM U20 2018"]
[Site "Osnabrück GER"]
[Date "2018.12.30"]
[Round "7"]
[White "Reindl, Jork"]
[Black "Elier, Ali"]
[Result "0-1"]
[Termination "normal"]
[Board "4.6"]
[WhiteElo "1654"]
[BlackElo "1989"]
[WhiteClock "00:00:32"]
[BlackClock "00:58:33"]
[WhiteTeam "SG Schwäbisch Gmünd"]
[BlackTeam "SF Brackel"]
[PlyCount "70"]
[WhiteFideId "16200152"]
[BlackFideId "16217543"]
[EventCountry "GER"]
[EventRounds "7"]
[EventType "team-swiss"]
[EventDate "2018.12.26"]

1. e4 e5 2. Nf3 Nc6 3. Bc4 Nf6 4. Ng5 Bc5 5. Nxf7 Bxf2+ 6. Kf1 Qe7 7. Nxh8 d5
8. exd5 Nd4 9. d6 Qxd6 10. c3 Bg4 11. Qa4+ Nd7 12. Kxf2 Qf6+ 13. Ke1 O-O-O 14.
Nf7 Nc5 15. cxd4 Nxa4 16. Nxd8 Qxd8 17. Be2 Qxd4 18. h3 Bxe2 19. Kxe2 Qe4+ 20.
Kf2 Nc5 21. Nc3 Nd3+ 22. Kg1 Qd4+ 23. Kh2 Qf4+ 24. Kg1 Qg3 25. Ne2 Qf2+ 26. Kh2
Qxe2 27. b3 Ne1 28. Rxe1 Qxe1 29. Bb2 Qe2 30. Kg3 Kd7 31. Bc3 Ke6 32. Kh2 Qf2
33. h4 c5 34. Kh3 g6 35. Rb1 Qf5+ 0-1

[Event "DVM U20 2018"]
[Site "Osnabrück GER"]
[Date "2018.12.30"]
[Round "7"]
[White "Joeres, Stefan"]
[Black "Geltz, Noah"]
[Result "1-0"]
[Termination "normal"]
[Board "5.1"]
[WhiteElo "2093"]
[BlackElo "1991"]
[WhiteTeam "Karlsruher SF"]
[BlackTeam "SF HN-Biberach 1978 e.V."]
[PlyCount "41"]
[WhiteFideId "12983160"]
[BlackFideId "16224256"]
[EventCountry "GER"]
[EventRounds "7"]
[EventType "team-swiss"]
[EventDate "2018.12.26"]

1. e4 c5 2. Nf3 Nc6 3. d4 cxd4 4. Nxd4 Nf6 5. Nc3 e5 6. Ndb5 d6 7. Bg5 a6 8.
Na3 b5 9. Bxf6 gxf6 10. Nd5 f5 11. c3 Be6 12. exf5 Bxf5 13. Qf3 Bg6 14. Nxb5
axb5 15. Bxb5 Rc8 16. Nb4 e4 17. Qd1 Qg5 18. Bxc6+ Rxc6 19. Qa4 Qxg2 20. Qxc6+
Ke7 21. Nd5+ 1-0

[Event "DVM U20 2018"]
[Site "Osnabrück GER"]
[Date "2018.12.30"]
[Round "7"]
[White "Hoffmann, Jens"]
[Black "Koll, Lukas"]
[Result "1/2-1/2"]
[Termination "normal"]
[Board "5.2"]
[WhiteElo "2000"]
[BlackElo "1993"]
[WhiteTeam "SF HN-Biberach 1978 e.V."]
[BlackTeam "Karlsruher SF"]
[PlyCount "83"]
[WhiteFideId "12946320"]
[BlackFideId "12969737"]
[EventCountry "GER"]
[EventRounds "7"]
[EventType "team-swiss"]
[EventDate "2018.12.26"]

1. Nf3 d5 2. e3 Nf6 3. d4 e6 4. Bd3 b6 5. b3 Bb7 6. O-O Be7 7. Bb2 O-O 8. Nbd2
Nbd7 9. Ne5 Ne4 10. c4 c5 11. cxd5 exd5 12. Nxd7 Qxd7 13. dxc5 Nxc5 14. Nf3
Nxd3 15. Qxd3 Qe6 16. Nd4 Qg6 17. Qf5 Bf6 18. Qxg6 hxg6 19. Rfc1 Rfc8 20. Kf1
Kf8 21. Ke1 Rxc1+ 22. Rxc1 Bxd4 23. Bxd4 Rc8 24. Rxc8+ Bxc8 25. Kd2 f6 26. Kc3
Ke7 27. Kb4 Bd7 28. a4 Kd6 29. a5 Kc6 30. axb6 axb6 31. h4 Bf5 32. Kc3 b5 33.
f3 Kd6 34. g4 Bb1 35. g5 Ke6 36. f4 Be4 37. Kb4 Bc2 38. Kxb5 Bxb3 39. Kc6 Bc2
40. Kc7 Kf7 41. Kd6 Be4 42. Kd7 1/2-1/2

[Event "DVM U20 2018"]
[Site "Osnabrück GER"]
[Date "2018.12.30"]
[Round "7"]
[White "Wegmer, Leon"]
[Black "Triantafillidis, Simeon"]
[Result "1/2-1/2"]
[Termination "normal"]
[Board "5.3"]
[WhiteElo "1892"]
[BlackElo "1955"]
[WhiteTeam "Karlsruher SF"]
[BlackTeam "SF HN-Biberach 1978 e.V."]
[PlyCount "60"]
[WhiteFideId "12983748"]
[BlackFideId "12953113"]
[EventCountry "GER"]
[EventRounds "7"]
[EventType "team-swiss"]
[EventDate "2018.12.26"]

1. e4 e5 2. Nf3 Nc6 3. Bc4 Nf6 4. d3 Bc5 5. c3 O-O 6. O-O d6 7. Bb3 h6 8. h3
Bd7 9. Re1 Qe7 10. Nbd2 Rad8 11. Nf1 Bb6 12. Ng3 Rfe8 13. Nh2 Na5 14. Bc2 Nc6
15. Be3 Bxe3 16. Rxe3 d5 17. Qf3 dxe4 18. dxe4 Be6 19. Bb3 Rd2 20. Re2 Red8 21.
Nhf1 Rxe2 22. Qxe2 Bxb3 23. axb3 a6 24. Rd1 g6 25. Rxd8+ Nxd8 26. Qd2 Kg7 27.
Ne3 Kh7 28. Nd5 Nxd5 29. Qxd5 c6 30. Qd2 Ne6 1/2-1/2

[Event "DVM U20 2018"]
[Site "Osnabrück GER"]
[Date "2018.12.30"]
[Round "7"]
[White "Arns, Alexander"]
[Black "Wiesner, Alexander"]
[Result "0-1"]
[Termination "normal"]
[Board "5.4"]
[WhiteElo "1920"]
[BlackElo "1939"]
[WhiteTeam "SF HN-Biberach 1978 e.V."]
[BlackTeam "Karlsruher SF"]
[PlyCount "92"]
[WhiteFideId "12944009"]
[BlackFideId "12943991"]
[EventCountry "GER"]
[EventRounds "7"]
[EventType "team-swiss"]
[EventDate "2018.12.26"]

1. c4 e5 2. g3 Nc6 3. Bg2 Bc5 4. Nc3 d6 5. e3 Bf5 6. d3 Nge7 7. Nge2 Qd7 8. O-O
h5 9. d4 exd4 10. exd4 Bb6 11. Be3 h4 12. Bh1 Bg4 13. a3 Nf5 14. c5 Nxe3 15.
fxe3 dxc5 16. dxc5 Qxd1 17. Raxd1 Bxc5 18. Bxc6+ bxc6 19. Rd3 hxg3 20. hxg3 Rh6
21. Rf2 Ke7 22. Rh2 Bf5 23. Rxh6 gxh6 24. Rd1 Bxe3+ 25. Kg2 Bg4 26. Rd3 Bc5 27.
Nd4 Bd7 28. Re3+ Kf8 29. Re4 Rd8 30. Nf3 Be6 31. b4 Bb6 32. Re2 Rd3 33. Ne4
Rxa3 34. Nf6 Kg7 35. Nh5+ Kg6 36. Nf4+ Kf6 37. Nh5+ Ke7 38. Ne5 Kd6 39. Nf4 Re3
40. Rxe3 Bxe3 41. Nxe6 Kxe5 42. Nxc7 c5 43. b5 c4 44. Kf3 Bc5 45. Na6 Bd6 46.
Ke2 Kd4 0-1

[Event "DVM U20 2018"]
[Site "Osnabrück GER"]
[Date "2018.12.30"]
[Round "7"]
[White "Fidlin, Simon"]
[Black "Gerold, Robin"]
[Result "1-0"]
[Termination "normal"]
[Board "5.5"]
[WhiteElo "1893"]
[BlackElo "1511"]
[WhiteTeam "Karlsruher SF"]
[BlackTeam "SF HN-Biberach 1978 e.V."]
[PlyCount "39"]
[WhiteFideId "16217535"]
[BlackFideId "16235185"]
[EventCountry "GER"]
[EventRounds "7"]
[EventType "team-swiss"]
[EventDate "2018.12.26"]

1. e4 e5 2. Nf3 Nc6 3. Bb5 a6 4. Ba4 Nf6 5. d3 b5 6. Bb3 Be7 7. O-O d6 8. c3
Na5 9. Bc2 c5 10. d4 cxd4 11. cxd4 exd4 12. Nxd4 Bb7 13. Re1 O-O 14. Nc3 Nc4
15. b3 Ne5 16. f4 Nc6 17. Nf5 Re8 18. Bb2 Bf8 19. Nd5 Nxd5 20. Nh6+ 1-0

[Event "DVM U20 2018"]
[Site "Osnabrück GER"]
[Date "2018.12.30"]
[Round "7"]
[White "Späth, René"]
[Black "Grining, Maria"]
[Result "0-1"]
[Termination "normal"]
[Board "5.6"]
[WhiteElo "1626"]
[BlackElo "1618"]
[WhiteTeam "SF HN-Biberach 1978 e.V."]
[BlackTeam "Karlsruher SF"]
[PlyCount "48"]
[WhiteFideId "16224272"]
[BlackFideId "16235037"]
[EventCountry "GER"]
[EventRounds "7"]
[EventType "team-swiss"]
[EventDate "2018.12.26"]

1. c4 c5 2. Nc3 Nc6 3. g3 g6 4. Bg2 Bg7 5. Nf3 Nf6 6. a3 Rb8 7. Rb1 a6 8. b4
cxb4 9. axb4 b5 10. cxb5 axb5 11. d4 d6 12. d5 Ne5 13. Nd2 Qc7 14. Qb3 Bf5 15.
Ra1 O-O 16. h3 Rfc8 17. Bb2 Nc4 18. e4 Nxb2 19. Qxb2 Nxe4 20. Bxe4 Bxe4 21.
Ndxe4 f5 22. Qa3 fxe4 23. Nxe4 Bxa1 24. Qxa1 Qc1+ 0-1

[Event "DVM U20 2018"]
[Site "Osnabrück GER"]
[Date "2018.12.30"]
[Round "7"]
[White "Zähringer, Daniel"]
[Black "Grund, Sebastian"]
[Result "1-0"]
[Termination "normal"]
[Board "6.1"]
[WhiteElo "2142"]
[BlackElo "2050"]
[WhiteTeam "SK König Plauen"]
[BlackTeam "MTV 1876 Saalfeld"]
[PlyCount "89"]
[WhiteFideId "12970280"]
[BlackFideId "12988626"]
[EventCountry "GER"]
[EventRounds "7"]
[EventType "team-swiss"]
[EventDate "2018.12.26"]

1. d4 Nf6 2. c4 g6 3. Nc3 d5 4. cxd5 Nxd5 5. e4 Nxc3 6. bxc3 Bg7 7. Nf3 c5 8.
Rb1 Nc6 9. d5 Ne5 10. Nxe5 Bxe5 11. Qd2 Qa5 12. Rb3 Bd7 13. f4 Bg7 14. c4 Qc7
15. Be2 e5 16. O-O O-O 17. f5 f6 18. Bg4 Rab8 19. Qe2 g5 20. Bh5 a6 21. Be3 b5
22. Rc1 b4 23. h4 h6 24. Bg6 Be8 25. hxg5 fxg5 26. Bxe8 Rfxe8 27. a3 a5 28.
axb4 axb4 29. Rbb1 Ra8 30. Ra1 Ra5 31. Rxa5 Qxa5 32. Qh5 Rf8 33. Qd1 Rd8 34.
Ra1 Qb6 35. Qa4 Bf8 36. Kf2 Rb8 37. Bc1 Qf6 38. Qa7 Qd8 39. Ra6 Bd6 40. Bb2 g4
41. Ke2 g3 42. Bxe5 Bxe5 43. Rg6+ Kh8 44. Rxh6+ Kg8 45. Qh7+ 1-0

[Event "DVM U20 2018"]
[Site "Osnabrück GER"]
[Date "2018.12.30"]
[Round "7"]
[White "Kania, Markus"]
[Black "Burian, Simon"]
[Result "1/2-1/2"]
[Termination "normal"]
[Board "6.2"]
[WhiteElo "1830"]
[BlackElo "2129"]
[WhiteTeam "MTV 1876 Saalfeld"]
[BlackTeam "SK König Plauen"]
[PlyCount "44"]
[WhiteFideId "12903736"]
[BlackFideId "12956902"]
[EventCountry "GER"]
[EventRounds "7"]
[EventType "team-swiss"]
[EventDate "2018.12.26"]

1. Nf3 c5 2. d4 Nf6 3. c4 cxd4 4. Nxd4 e5 5. Nb3 d5 6. cxd5 Qxd5 7. Qxd5 Nxd5
8. e4 Nb4 9. Na3 Be6 10. Bb5+ Nd7 11. O-O a6 12. Bc4 Bxc4 13. Nxc4 Rc8 14. Ne3
Nc2 15. Rb1 Nf6 16. f3 g6 17. Bd2 Nd4 18. Kf2 Nxb3 19. axb3 Bc5 20. Ke2 O-O 21.
Nc4 Bd4 22. Bb4 Bc5 1/2-1/2

[Event "DVM U20 2018"]
[Site "Osnabrück GER"]
[Date "2018.12.30"]
[Round "7"]
[White "Grund, Melanie"]
[Black "Hörkner, Nico"]
[Result "1/2-1/2"]
[Termination "normal"]
[Board "6.4"]
[WhiteElo "1748"]
[BlackElo "1775"]
[WhiteTeam "MTV 1876 Saalfeld"]
[BlackTeam "SK König Plauen"]
[PlyCount "46"]
[WhiteFideId "12988804"]
[BlackFideId "12974900"]
[EventCountry "GER"]
[EventRounds "7"]
[EventType "team-swiss"]
[EventDate "2018.12.26"]

1. d4 Nf6 2. Nf3 e6 3. c4 b6 4. e3 Bb7 5. Be2 Be7 6. Nc3 O-O 7. O-O d5 8. b3 c5
9. dxc5 bxc5 10. Bb2 Nbd7 11. Qc2 Rc8 12. cxd5 exd5 13. Rfd1 Qc7 14. h3 Rfd8
15. Rac1 a6 16. Na4 Qc6 17. Ne5 Nxe5 18. Bxe5 Nd7 19. Bb2 Nb6 20. Nxb6 Qxb6 21.
Bf3 Bf6 22. Bxf6 Qxf6 23. Qe2 h6 1/2-1/2

[Event "DVM U20 2018"]
[Site "Osnabrück GER"]
[Date "2018.12.30"]
[Round "7"]
[White "Helmrich, Daniel"]
[Black "Lorenz, Anouk"]
[Result "0-1"]
[Termination "normal"]
[Board "6.5"]
[WhiteElo "1783"]
[BlackElo "1413"]
[WhiteTeam "SK König Plauen"]
[BlackTeam "MTV 1876 Saalfeld"]
[PlyCount "110"]
[WhiteFideId "12956767"]
[BlackFideId "12990256"]
[EventCountry "GER"]
[EventRounds "7"]
[EventType "team-swiss"]
[EventDate "2018.12.26"]

1. e4 c5 2. Nc3 Nc6 3. g3 g6 4. Bg2 Bg7 5. d3 Nf6 6. f4 d6 7. Nf3 O-O 8. O-O
Bg4 9. h3 Be6 10. Ne2 Qc8 11. Kh2 Ne8 12. g4 Nc7 13. c3 d5 14. f5 Bd7 15. Bf4
e6 16. Bd6 Re8 17. fxg6 fxg6 18. Nf4 b6 19. exd5 exd5 20. a4 Rd8 21. d4 cxd4
22. Nxd4 Nxd4 23. Bxd5+ Nxd5 24. Nxd5 Nc6 25. Nc7 Rb8 26. Qd5+ Kh8 27. Rf7 Rb7
28. Raf1 Rxc7 29. Rxg7 Be6 30. Rxc7 Bxd5 31. Rxc8 Rxc8 32. Rd1 Bb3 33. Ra1 Rd8
34. Bf4 Re8 35. Bh6 Na5 36. Rf1 Kg8 37. Rf4 Nc4 38. Kg3 Nd6 39. Kf3 Nf7 40. g5
Nxh6 41. gxh6 Rf8 42. a5 Rxf4+ 43. Kxf4 bxa5 44. Ke5 Kf7 45. h4 Ke7 46. Kd4 Kd6
47. c4 a4 48. c5+ Kc6 49. Ke5 Kxc5 50. Kf6 Kd6 51. Kg7 Ke7 52. Kxh7 Kf7 53. Kh8
Kf8 54. Kh7 Bf7 55. b3 a3 0-1

[Event "DVM U20 2018"]
[Site "Osnabrück GER"]
[Date "2018.12.30"]
[Round "7"]
[White "Lorenz, Keana"]
[Black "Elstner, Florian"]
[Result "0-1"]
[Termination "normal"]
[Board "6.6"]
[WhiteElo "1459"]
[BlackElo "1284"]
[WhiteTeam "MTV 1876 Saalfeld"]
[BlackTeam "SK König Plauen"]
[PlyCount "78"]
[WhiteFideId "12990248"]
[BlackFideId "16247264"]
[EventCountry "GER"]
[EventRounds "7"]
[EventType "team-swiss"]
[EventDate "2018.12.26"]

1. e4 c5 2. Nf3 Nc6 3. d4 cxd4 4. Nxd4 Nf6 5. Nc3 d6 6. Be2 e6 7. Be3 Be7 8.
Qd2 a6 9. O-O-O Qc7 10. g4 b5 11. g5 Nd7 12. Bf3 Nce5 13. Bg2 Nc4 14. Qe2 Nxe3
15. Qxe3 Bb7 16. f4 Rc8 17. Rd2 Nb6 18. Rf2 Qc5 19. Rd1 e5 20. Nf5 Qxe3+ 21.
Nxe3 exf4 22. Rxf4 Bxg5 23. Rf3 Nc4 24. Kb1 Nxe3 25. Rg1 Nxg2 26. Rxg2 Bf6 27.
Re2 Bxc3 28. bxc3 Rc4 29. Rfe3 O-O 30. Kc1 Re8 31. Rd2 Rcxe4 32. Rxe4 Rxe4 33.
Rxd6 g6 34. Kb2 Kg7 35. Rb6 Re7 36. Ka3 f5 37. Rd6 f4 38. Rd2 f3 39. Rf2 Re2
0-1

[Event "DVM U20 2018"]
[Site "Osnabrück GER"]
[Date "2018.12.30"]
[Round "7"]
[White "Grohmann, Alexander"]
[Black "Thomsen, Phil"]
[Result "0-1"]
[Termination "normal"]
[Board "7.1"]
[WhiteElo "1985"]
[BlackElo "2134"]
[WhiteTeam "FVS ASP Hoyerswerda"]
[BlackTeam "SGes Bensheim"]
[PlyCount "54"]
[WhiteFideId "12947679"]
[BlackFideId "12955736"]
[EventCountry "GER"]
[EventRounds "7"]
[EventType "team-swiss"]
[EventDate "2018.12.26"]

1. e4 c5 2. Nc3 Nc6 3. f4 e6 4. Nf3 d5 5. Bb5 Nge7 6. exd5 Nxd5 7. Bxc6+ bxc6
8. O-O Nxf4 9. d4 Ng6 10. Ne4 cxd4 11. Nxd4 Be7 12. Be3 Bb7 13. Qf3 O-O 14.
Rad1 Qc7 15. Nb3 c5 16. Bf4 Nxf4 17. Qxf4 Qxf4 18. Rxf4 e5 19. Nexc5 exf4 20.
Nxb7 Rfc8 21. Rd7 Kf8 22. c3 Ke8 23. Rd4 Rc7 24. N3a5 Rb8 25. Rxf4 Rbxb7 26.
Nxb7 Rxb7 27. b3 Rd7 0-1